Burton's microbiology for the health sciences / (Record no. 80707)

MARC details
000 -LEADER
fixed length control field 00996nam a22002897a 4500
003 - CONTROL NUMBER IDENTIFIER
control field URS
005 - DATE AND TIME OF LATEST TRANSACTION
control field 20240715191346.0
008 - FIXED-LENGTH DATA ELEMENTS--GENERAL INFORMATION
fixed length control field 240715b |||||||| |||| 00| 0 eng d
020 ## - INTERNATIONAL STANDARD BOOK NUMBER
International Standard Book Number 978-1-60913-321-4
040 ## - CATALOGING SOURCE
Transcribing agency URS
Language of cataloging English
Description conventions rda
050 ## - LIBRARY OF CONGRESS CALL NUMBER
Classification number QR41.2
Item number .En32 2011
100 ## - MAIN ENTRY--PERSONAL NAME
Personal name Engelkirk, Paul G.,
Relator term author.
9 (RLIN) 5866
245 ## - TITLE STATEMENT
Title Burton's microbiology for the health sciences /
Statement of responsibility, etc Paul G. Engelkirk, Janet Duben-Engelkirk.
250 ## - EDITION STATEMENT
Edition statement Ninth edition.
264 ## - PUBLICATION, DISTRIBUTION, ETC. (IMPRINT)
Place of publication, distribution, etc Philadelphia :
Name of publisher, distributor, etc Wolters Kluwer Health/Lippincott Williams & Wilkins,
Date of publication, distribution, etc ©2011.
300 ## - PHYSICAL DESCRIPTION
Extent x, 431pages:
Other physical details illustrations;
Dimensions 28 cm.
336 ## - CONTENT TYPE
Source rdacontent
Content type term text
Content type code txt
337 ## - MEDIA TYPE
Source rdamedia
Media type term unmediated
Media type code n
338 ## - CARRIER TYPE
Source rdacarrier
Carrier type term volume
Carrier type code nc
504 ## - BIBLIOGRAPHY, ETC. NOTE
Bibliography, etc Includes index.
650 #0 - SUBJECT ADDED ENTRY--TOPICAL TERM
Topical term or geographic name as entry element Microbiology.
9 (RLIN) 1238
650 #0 - SUBJECT ADDED ENTRY--TOPICAL TERM
Topical term or geographic name as entry element Medical microbiology.
9 (RLIN) 1237
650 #0 - SUBJECT ADDED ENTRY--TOPICAL TERM
Topical term or geographic name as entry element Allied health personnel.
9 (RLIN) 5863
650 #0 - SUBJECT ADDED ENTRY--TOPICAL TERM
Topical term or geographic name as entry element Microbiological processes.
9 (RLIN) 5864
700 ## - ADDED ENTRY--PERSONAL NAME
Personal name Duben-Engelkirk, Janet,
Relator term author.
9 (RLIN) 5865
942 ## - ADDED ENTRY ELEMENTS (KOHA)
Source of classification or shelving scheme Library of Congress Classification
Koha item type Foreign Books
Holdings
Withdrawn status Lost status Source of classification or shelving scheme Damaged status Not for loan Collection code Home library Current library Shelving location Date acquired Source of acquisition Total Checkouts Total Renewals Full call number Barcode Date last seen Date checked out Copy number Koha item type
    Library of Congress Classification     Non-fiction Taytay College Library Taytay College Library Foreign Section 07/15/2024 Donation 1 1 QR41.2 .En32 2011 URSTAY-3346 06/04/2025 01/14/2025 1 Foreign Books
    Library of Congress Classification     Non-fiction Taytay College Library Taytay College Library Foreign Section 07/15/2024 Donation     QR41.2 .En32 2011 URSTAY-4427 06/04/2025   2 Foreign Books

University of Rizal System
Email us at univlibservices@urs.edu.ph

Visit our Website www.urs.edu.ph/library